Faktory ekonomického rastu v znalostnej ekonomike
Ľudský kapitál a vzdelanie v znalostnej ekonomike. Informačné a komunikačné technológie ako fyzický kapitál ekonomického rastu. Technologický a inovačný rozvoj.
Saved in:
| Main Author: | |
|---|---|
| Format: | Book Chapter |
| Language: | Slovak |
| Subjects: | |
| Tags: |
No Tags, Be the first to tag this record!
|
MARC
| LEADER | 00000nla$a2200000$$$4500 | ||
|---|---|---|---|
| 001 | 0053498 | ||
| 005 | 20240502071623.4 | ||
| 041 | 0 | |a slo | |
| 044 | |a SK | ||
| 245 | 1 | 0 | |a Faktory ekonomického rastu v znalostnej ekonomike |c Ivana Černáková |
| 520 | |a Ľudský kapitál a vzdelanie v znalostnej ekonomike. Informačné a komunikačné technológie ako fyzický kapitál ekonomického rastu. Technologický a inovačný rozvoj. | ||
| 610 | 2 | 0 | |a kapitál ľudský |
| 610 | 2 | 0 | |a vzdelanie |
| 610 | 2 | 0 | |a ekonomika vedomostná |
| 610 | 2 | 0 | |a technológie informačné |
| 610 | 2 | 0 | |a technológie komunikačné |
| 610 | 2 | 0 | |a rozvoj vedeckotechnický |
| 610 | 2 | 0 | |a technológie nové |
| 610 | 2 | 0 | |a technológie znalostné |
| 610 | 2 | 0 | |a stratégia inovačná |
| 610 | 2 | 0 | |a veda |
| 610 | 2 | 0 | |a výskum |
| 100 | 1 | |a Černáková, Ivana | |